Online Catalogue and eLibrary

Pinnaveenathuvam (Record no. 740)

MARC details
000 -LEADER
fixed length control field 00347nam a2200145Ia 4500
005 - DATE AND TIME OF LATEST TRANSACTION
control field 20250410024130.0
008 - FIXED-LENGTH DATA ELEMENTS--GENERAL INFORMATION
fixed length control field 240331s9999 xx 000 0 und d
082 ## - DDC Classification
Class No. 149
Item Number - Author Mark VEN
100 ## - MAIN ENTRY--PERSONAL NAME
Personal name Venkatraman, K
245 #0 - TITLE STATEMENT
Title Pinnaveenathuvam
260 ## - PUBLICATION, DISTRIBUTION, ETC.
Place of publication, distribution, etc. Thanchavur
Name of publisher, distributor, etc. Thamilar kannodam
Date of publication, distribution, etc. 1997
300 ## - PHYSICAL DESCRIPTION
Extent (e.g. Volumes, Pages etc.) 42 p .,
650 ## - SUBJECT ADDED ENTRY--TOPICAL TERM
Topical term or geographic name entry element Post modernism
942 ## - Koha item type (Biblio)
Koha item type Books in Stacks (Lending)
Holdings
Lost status Damaged status Collection code Home library Current library Shelving location Date acquired Full call number Accession Number Item type
    Lending WERC Library WERC Library Social Science Cupboard 03/31/2024 149 VEN 2613 Books in Stacks (Lending)

© WERC Library